| 000 | 00996nam a2200301 c 4500 | ||
|---|---|---|---|
| 001 | 13541 | ||
| 003 | ES-MaCES | ||
| 005 | 20250121040009.0 | ||
| 008 | 020409s2001 sp l o000 | spa d | ||
| 017 |
_aM 40300-2001 _bDL |
||
| 024 | 7 |
_a207-01-092-3 _2nipo |
|
| 035 | _aCES20020005263m | ||
| 040 |
_aES-MaCES _bspa _cES-MaCES |
||
| 245 | 0 | 0 |
_aCarta de los derechos fundamentales de la Unión Europea _b: (2000/C 364/01) |
| 260 |
_aMadrid _bInstituto de la Mujer _c2001 |
||
| 300 |
_a38 p. _c20 cm |
||
| 490 | 1 |
_aSerie Documentos _v32 |
|
| 650 | 4 |
_aCarta de los Derechos Fundamentales de la Unión Europea _931616 |
|
| 650 | 4 |
_aderecho comunitario _929866 |
|
| 650 | 4 |
_atexto _929624 |
|
| 653 | 1 | 0 | _aDerecho comunitario |
| 650 | 4 |
_926752 _aUE |
|
| 710 | 2 |
_aInstituto de la Mujer (España) _eed. _94190 |
|
| 830 | 0 |
_aSerie Documentos (Instituto de la Mujer (España)) _v32 _932068 |
|
| 902 | _aLIB Libro | ||
| 942 |
_2CES _cBK _h6.0.5. |
||
| 999 |
_c13541 _d13541 |
||